Tous les joueurs ayant marqué au moins 10 buts en coupe du monde - Statistiques

Statistiques générales
  • Ce quiz a été pris 248 fois
  • Le résultat moyen est 7 sur 15
Statistiques - réponses
Buts Periode Joueur % Correct
15 1994-2006 Ronaldo
98%
13 2006-2022 Messi
96%
12 2018-2022 Mbappe
92%
12 1958-1970 Pelé
81%
16 2002-2014 Klose
80%
13 1958 Fontaine
77%
14 1970-1974 G. Muller
72%
10 2010-2022 T. Muller
72%
10 1994-2002 Batistuta
13%
11 1990-1998 Klinsmann
10%
11 1954 Kocsis
8%
10 1986-1990 Lineker
8%
10 1974-1982 Lato
3%
10 1970-1982 Cubillas
2%
10 1954-1958 Rahn
2%
Aucun quiz correspondant
Distribution des résultats
% des personnes avec chaque résultat
Percentile par nombre de réponses
Votre historique - résultats
Vous n’avez pas pris ce quiz